Dilekçe hakkı ve TBMM dilekçe Komisyonu (Record no. 693)

MARC details
000 -BAŞLIK
Sabit Uzunlukta Kontrol Alanı 00568na a2200205 4500
001 - KONTROL NUMARASI
Denetim Alanı 23247
003 - KONTROL NUMARASI IDENTIFIER
Denetim Alanı MIRAKIL
005 - SON İŞLEM TARİHİ VE ZAMANI
Denetim Alanı 20181213154757.0
008 - SABİT-BOY VERİ ELEMANLARI - GENEL BİLGİLER
Sabit Uzunlukta Kontrol Alanı 170818b tu 000 0
040 ## - KATALOGLAMA KAYNAK
Orijinal Kataloglama Ajansı Milas
Kataloglama Dili tur
Metne Dönüştürmek Ajansı TR-AnCHP
041 ## - DİL KODU
Metin / Ses Parça Veya Ayrı Başlığın Dil Kodu tur
110 ## - ANA GİRİŞ - KURUMSAL ADI
Giriş Elemanı Olarak Kurumsal Ad Veya Yargı Alanı Adı Türkiye Büyük Millet Meclisi (TBMM)
245 ## - BAŞLIK TABLOSU
Başlık Dilekçe hakkı ve TBMM dilekçe Komisyonu
Sorumluluk Tablosu, Vb TBMM
260 ## - YAYIN, DAĞITIM, VB
Yayın, Dağıtım, Vb Yeri Ankara
Yayıncı, Dağıtıcı, Vs Adı TBMM
Yayın, Dağıtım, Vb Tarihi 2005
Üretici Firma TBMM Basımevi
300 ## - FİZİKSEL TANIM
Kapsam 70 s.
Boyutlar 23 sm.
490 ## - SERİSİ TABLOSU
Seri Beyanı Tanıtım kitapları serisi
Hacim / Ardışık Tanımı 15
500 ## - GENEL NOT
Genel Not GEÇİCİ KATALOG KAYDIDIR.
942 ## - EKLENDİ GİRİŞ ELEMANLARI (KOHA)
Sınıflandırma Veya Raf Düzeni Kaynak Dewey Decimal Classification
Koha Öğesi Türü Books
999 ## - SİSTEM KONTROL NUMARALARI (KOHA)
Koha Biblionumber 693
Koha Biblioitemnumber 693
Holdings
Kalıcı Konum Mevcut Konum Edinme Tarihi Edinim Kaynak Toplam Check-Out'Lar Barkod Tarih Son Görülme İtibaren Geçerli Fiyatlar Koha Öğesi Türü
CHP Kütüphanesi CHP Kütüphanesi 08/18/2017 Bağış   017232 08/18/2017 08/18/2017 Books